Statistics for Where were they born #4

Click here to take the quiz!

General Stats

  • This quiz has been taken 4 times
  • The average score is 7 of 16

Answer Stats

PersonProfessionBirthplace% Correct
Leonardo DiCaprioActorLos Angeles
100%
Russell CroweActorWellington
100%
Greta GerwigActress, DirectorSacramento
75%
Ethan HawkeActorAustin
50%
Julius RandleNBA PlayerDallas
50%
Michael J FoxActorEdmonton
50%
PewDiePieYouTuberGothenburg
50%
Florence PughActressOxford
50%
Dave BautistaActorWashington, DC
50%
Seth RollinsWrestlerDavenport
25%
Allen LazardNFL PlayerDes Moines
25%
Randy OrtonWrestlerKnoxville
25%
George LucasDirector, BillionaireModesto
25%
Paul RuddActorPassaic
25%
Shai Gilgeous-AlexanderNBA PlayerHamilton
0%
James CameronDirectorKapuskasing
0%

Score Distribution

Percentile by Number Answered

Percent of People with Each Score

Your Score History

You have not taken this quiz